Southville International School and Colleges
Your cart is empty.
  • Cart
  • Lists
    Public lists Eva Luna New books Lux_list list_1
    Your lists Log in to create your own lists
  • Log in to your account
  • Your cookies
  • Search history
Southville International School and Colleges
  • Advanced search
  • Recent comments
  • Most popular
  • Libraries

Log in to your account

Log in with GOOGLE


If you do not have an external account, but do have a local account, you can still log in:

  1. Home
  2. MARC view: Joy /
Normal view MARC view ISBD view

Joy / (Record no. 11808)

[ view plain ]
MARC details
000 -LEADER
fixed length control field 00601nam a22002057a 4500
003 - CONTROL NUMBER IDENTIFIER
control field OSt
005 - DATE AND TIME OF LATEST TRANSACTION
control field 20140310182320.0
008 - FIXED-LENGTH DATA ELEMENTS--GENERAL INFORMATION
fixed length control field 130920t xxu||||| |||| 00| 0 eng d
020 ## - INTERNATIONAL STANDARD BOOK NUMBER
International Standard Book Number 0865923930
050 ## - LIBRARY OF CONGRESS CALL NUMBER
Classification number BJ 1481
Item number .G62 1989
082 ## - DEWEY DECIMAL CLASSIFICATION NUMBER
Classification number GS 170.20222
Item number G581 1988
100 ## - MAIN ENTRY--PERSONAL NAME
Personal name Goley, Elaine
9 (RLIN) 21110
245 ## - TITLE STATEMENT
Title Joy /
Statement of responsibility, etc Elaine P. Goley.
260 ## - PUBLICATION, DISTRIBUTION, ETC. (IMPRINT)
Place of publication, distribution, etc Vero Beach, Florida :
Name of publisher, distributor, etc Rourke Enterprises,
Date of publication, distribution, etc 1989.
300 ## - PHYSICAL DESCRIPTION
Extent 32 p. :
Other physical details col. ill. ;
Dimensions 26 cm.
650 ## - SUBJECT ADDED ENTRY--TOPICAL TERM
Topical term or geographic name as entry element Joy
General subdivision Juvenile literature.
9 (RLIN) 21132
650 ## - SUBJECT ADDED ENTRY--TOPICAL TERM
Topical term or geographic name as entry element Altruism
General subdivision Juvenile literature.
9 (RLIN) 21133
942 ## - ADDED ENTRY ELEMENTS (KOHA)
Source of classification or shelving scheme Library of Congress Classification
Koha item type
Holdings
Withdrawn status Lost status Source of classification or shelving scheme Damaged status Home library Current library Shelving location Date acquired Total Checkouts Full call number Barcode Date last seen Copy number Price effective from Koha item type
    Library of Congress Classification   Luxembourg Library Luxembourg Library Grade School Section 09/20/2013   BJ 1481 .G62 1989 6267 10/28/2015 1 09/20/2013 Books

Joy /

APA

Goley E., . (1989). Joy. Vero Beach, Florida: Rourke Enterprises.

Chicago

Goley Elaine, . 1989. Joy. Vero Beach, Florida: Rourke Enterprises.

Harvard

Goley E., . (1989). Joy. Vero Beach, Florida: Rourke Enterprises.

MLA

Goley Elaine, . Joy. Vero Beach, Florida: Rourke Enterprises. 1989.

  • Place hold
  • Print
  • Cite
  • Add to your cart (remove)
  • Save record
    BIBTEX Dublin Core MARCXML MARC (non-Unicode/MARC-8) MARC (Unicode/UTF-8) MARC (Unicode/UTF-8, Standard) MODS (XML) RIS
  • More searches
    Search for this title in:
    Other Libraries (WorldCat) Other Databases (Google Scholar) Online Stores (Bookfinder.com) Open Library (openlibrary.org)

Exporting to Dublin Core...

SOUTHVILLE LIBRARY

Southville International School and Colleges Library

1281 Tropical Ave. Cor. Luxembourg St., BF Homes International, Las Pinas City

Tel. No. 8256374 / 252358 Loc. 117/146

Powered by Koha